000 00800nas a2200241 4500
001 BR7502353
003 BR-BrBNA
005 20231205082818.0
007 ta
008 230509b bl.|||p| |||| 00| 00por d
040 _aBR-BrBNA
_bpor
_cBiblioteca Nacional de Agricultura
041 _a(Pt)
072 _aS10
100 1 _aAndrade, M.O. de
100 1 _aLima, V. de A.
245 1 _aContribuicao ao conhecimento do valor nutritivo do peixe de agua doce, Pimelodus clarias Bluch (Mandi)
_bParte de tese
650 _aComposicao de alimento
650 _aMandi
650 _aValor nutritivo
773 0 _tAnais da Escola Superior de Agricultura Luiz de Queiroz (Brazil)
_xISSN 0071-1276
_g(1975), v. 32 p. 563-574
_wBR7502353
909 _a202311
_bLúcia
_c55
_dLúcia Elande
942 _2AGRIS
_n0
_cANA
999 _c94379
_d94379